Bookworm short stories 48
| Format: | Book |
|---|---|
| Published: |
Singapore :
Bookworm Publishing ,
1993
|
| Subjects: |
MARC
| LEADER | 00000cam a2200000 7i4500 | ||
|---|---|---|---|
| 001 | 0000009539 | ||
| 002 | 000010395 | ||
| 005 | 20000330.0 | ||
| 020 | |a 9813023082 | ||
| 090 | 0 | 0 | |a JF |b BOO |
| 245 | 1 | 0 | |a Bookworm short stories 48 |
| 260 | |a Singapore : |b Bookworm Publishing , |c 1993 | ||
| 300 | |a 75p. : |b ill. ; |c 21cm. | ||
| 650 | 0 | 0 | |a Children's stories |
| 999 | |a 047084 |b BUKU |c PINJAMAN |e PERPUSTAKAAN KOMUNITI PETALING JAYA | ||
| 999 | |a 050794 |b BUKU |c PINJAMAN |e PERPUSTAKAAN KOMUNITI PETALING JAYA | ||
| 999 | |a 050795 |b BUKU |c PINJAMAN |e PERPUSTAKAAN KOMUNITI PETALING JAYA | ||